| 000 | 00875cam a22002894a 4500 | ||
|---|---|---|---|
| 001 | 31632 | ||
| 005 | 20230410130730.0 | ||
| 008 | 040806s2004 ve 000 0 spa | ||
| 035 | _a13694082 | ||
| 925 | 0 |
_aacquire _b1 shelf copy _xpolicy default |
|
| 942 |
_2lcc _cbk |
||
| 010 | _a2004461641 | ||
| 020 | _a9803541390 | ||
| 035 | _a(BO-CbLA)la0408M2194 | ||
| 040 |
_aDLC _cDLC |
||
| 042 | _apcc | ||
| 050 | 1 | 4 |
_aPN 5103 _bP445e 2004 |
| 245 | 0 | 0 |
_aPeriodistas en su tinta / _ceditora, Petruvska Simne ; Pablo Antillano ... [et al.]. |
| 260 |
_aCaracas, Venezuela : _bAlfadil Ediciones, _c2004. |
||
| 300 |
_a170 p. ; _c23 cm. |
||
| 440 | 0 |
_aColección Hogueras. _pVenezuela profunda ; _v27 |
|
| 650 | 0 |
_aJournalists _zVenezuela _vAnecdotes. |
|
| 700 | 1 | _aSimne, Petruvska | |
| 700 | 1 | _aAntillano, Pablo | |
| 923 |
_d20040806 _n0825 _sBO-CbLA |
||
| 985 | _eVENDOR LOAD | ||
| 999 |
_c79425 _d79425 |
||